| 000 | 00731nam a2200229 a 4500 | ||
|---|---|---|---|
| 001 | BRCA_1175 | ||
| 005 | 20190320203321.0 | ||
| 008 | 890801s1988 mx-a---###---#000-0#spa-d | ||
| 041 | _aspa | ||
| 044 | _amx | ||
| 050 | 4 |
_aF1386.6 _b.C66 1988 |
|
| 100 | 1 |
_aCortina Portilla, Manuel _9755 |
|
| 245 | 1 | 0 |
_aEscenas en el Zócalo _b1821 a 1854 _cManuel Cortina Portilla. |
| 260 |
_aMéxico _bCONSA _c1988 |
||
| 300 |
_a54 p. _bil. a color _c30 cm. |
||
| 610 | 2 | 4 |
_aPlaza de la Constitución _zCiudad de México _93883 |
| 651 | 4 |
_aCiudad de México _xHistoria _9691 |
|
| 651 | 4 |
_aCiudad de México _xTrabajos Ilustrados _92481 |
|
| 651 | 4 |
_aCiudad de México _xVida social y costumbres _93884 |
|
| 653 | 0 | _aVida cotidiana | |
| 942 |
_2lcc _cB |
||
| 999 |
_c1052 _d1052 |
||